000 00870nam a2200265 i 4500
001 000031742
003 DO-SdBNP
005 20240305122052.0
007 ta
008 110701q1972 dr c 000 | spa d
040 _aDO-SdBNP
_bspa
_cBNPHU
_erda
049 _aBNPD
082 _bH565m
_222
100 1 _aHerrera, César A.,
_d1910-1988
_eautor
_98333
245 1 0 _aMáximo Gómez /
_cCésar A. Herrera.
264 _aSanto Domingo :
_beditor no identificado,
_c1972.
300 _a24 páginas :
_bretratos ;
_c21 cm.
336 _2rdacontent
_atexto
_btxt
337 _2rdamedia
_asin mediación
_bn
338 _2rdacarrier
_avolumen
_bnc
500 _aDiscurso pronunciado en la inauguración de la estatua del libertador en la ciudad de Santo Domingo, el día 20 de agosto de 1972.
590 _aInventariado, 2023/BT
910 _aBtavárez
942 _2ddc
_cLF2
999 _c31234
_d31234